00753nam a2200229 a 450000100060000000300080000600500170001400800410003103500190007204000320009104100080012308200300013110000200016124501480018126000370032930000190036650000210038550500200040665000300042665000340045671000330049072501BD-RjUL20211209082253.0170520s1954 nyu 001 0 eng d a(BD-RjUL)72719 aDLCcDLCdDLCdBD-RjULbeng aeng00a515.7230212223bBAT 19541 aBateman, Harry 10aTables of integral transforms :bbased, in part, on notes left by /cHarry Bateman ; compiled by the staff of the Bateman Manuscript Project.  aNew York :bMcGraw-Hill,cc1954. a2 v. ;c24 cm. aIncludes index. 0 aVol. 1-- v. 2-- 0aTranscendental functions. 0aTransformations (Mathematics) aBateman Manuscript Project.